000 00540nam a22001937a 4500
003 SISC
005 20160127140408.0
008 130907t xxu||||| |||| 00| 0 eng d
020 _a9780091750626
050 _aTX 715
_b.T258 1992
082 _aHS 641.55
_bT22 1991
100 _aTee, Susanna
_917024
245 _aMicrowave hints /
_cSusanna Tee.
_bgood housekeeping
260 _aLondon :
_b Ebury Press,
_c 1991.
300 _a143 p.:
_bill. ;
_c 21 cm.
651 _aGood Housekeeping
_917025
942 _2lcc
_cBK
999 _c10588
_d10588